000 00518nam a2200181Ia 4500
008 090630s9999 xx 000 0 und d
082 _b22446
100 _aकाकडे द. स.
245 _aघरभेदी.
_cकाकडे द. स.
260 _bपार्टनर.
_c2003
300 _a214
600 _aकाकडे द. स.
630 _aघरभेदी.
655 _aकादंबरी.
700 _aकाकडे द. स.
730 _aघरभेदी.
942 _cBOOK
999 _c274302
_d274302